Introduction to e-commerce / (Record no. 1193)
[ view plain ]
| 000 -LEADER | |
|---|---|
| fixed length control field | 00689nac a22001811u 4500 |
| 010 ## - LIBRARY OF CONGRESS CONTROL NUMBER | |
| LC control number | 2003044184 |
| 082 00 - DEWEY DECIMAL CLASSIFICATION NUMBER | |
| Classification number | 658.84 |
| Item number | R277 |
| 090 ## - LOCALLY ASSIGNED LC-TYPE CALL NUMBER (OCLC); LOCAL CALL NUMBER (OCLC) | |
| -- | 1193 |
| -- | 1193 |
| 100 ## - MAIN ENTRY--PERSONAL NAME | |
| Personal name | Turban, Efraim. |
| 245 10 - TITLE STATEMENT | |
| Title | Introduction to e-commerce / |
| Statement of responsibility, etc | Jeffrey F. Rayport, Bernard J. Jaworski. |
| 260 ## - PUBLICATION, DISTRIBUTION, ETC. (IMPRINT) | |
| Place of publication, distribution, etc | Boston : |
| Name of publisher, distributor, etc | Prentice Hall PTR, |
| Date of publication, distribution, etc | c2004. |
| 300 ## - PHYSICAL DESCRIPTION | |
| Extent | 537 p. : |
| Other physical details | ill. ; |
| Dimensions | 27 cm. |
| 504 ## - BIBLIOGRAPHY, ETC. NOTE | |
| Bibliography, etc | Includes bibliographical references and index. |
| 650 #0 - SUBJECT ADDED ENTRY--TOPICAL TERM | |
| Topical term or geographic name as entry element | Electronic commerce. |
| 700 1# - ADDED ENTRY--PERSONAL NAME | |
| Personal name | King, David. |
| 942 ## - ADDED ENTRY ELEMENTS (KOHA) | |
| Item type | Book - Borrowing |
| Call number prefix | 658.84T931 |
| Withdrawn status | Item status | Damaged status | Not for loan | Home library | Current library | Shelving location | Date acquired | Source of acquisition | Total Checkouts | Total Renewals | Full call number | Barcode | Date last seen | Date last borrowed | Koha item type |
|---|---|---|---|---|---|---|---|---|---|---|---|---|---|---|---|
| Central Library | Central Library | First floor | 27/08/2006 | Purchase | 6 | 5 | 658.84 TUR | 000003299 | 15/07/2025 | 09/11/2015 | Book - Borrowing |